|
|
|
|
| LEADER |
00000nab a2200000 a 4500 |
| 001 |
vtls010716325 |
| 003 |
SK-MaSNL |
| 005 |
20260304195015.0 |
| 008 |
250709s2005 xo |||||||||||||||||slo| |
| 035 |
|
|
|a (urnnbn)urn:nbn:sk:snk:ar-a04mrz
|
| 035 |
|
|
|a (uuid)8c5b6c68-e660-4479-8bca-13716227cc1e
|
| 035 |
|
|
|a urn:nbn:sk:snk-ab3icl
|
| 040 |
|
|
|a SNKBUCL
|b slo
|c SNKBUCL
|e AACR2
|
| 041 |
0 |
|
|a eng
|
| 044 |
|
|
|a xo
|c SK
|
| 100 |
1 |
|
|a Chochol, Drahomír,
|d 1947-
|4 aut
|9 104323
|
| 245 |
1 |
0 |
|a Photometric and spectroscopic variability of the slow nova V475 Sct (Nova Scuti 2003)
|c D. Chochol, N. A. Katysheva, T. Pribulla, L. Schmidtobreick, S.Yu. Shugarov, P. Škoda, M. Šlechta, A. A. Vittone, I. M. Volkov
|
| 700 |
1 |
|
|a Katysheva, N. A.
|4 aut
|9 1521457
|
| 700 |
1 |
|
|a Pribulla, Theodor,
|d 1970-
|4 aut
|9 237640
|
| 700 |
1 |
|
|a Schmidtobreick, L.
|4 aut
|9 1529569
|
| 700 |
1 |
|
|a Shugarov, S.Yu.
|4 aut
|9 1529570
|
| 700 |
1 |
|
|a Škoda, P.
|4 aut
|9 1529571
|
| 700 |
1 |
|
|a Vittone, A. A.
|4 aut
|9 1529568
|
| 700 |
1 |
|
|a Volkov, I. M.
|4 aut
|9 1521459
|
| 700 |
1 |
|
|a Šlechta, M.
|4 aut
|9 1529572
|
| 773 |
0 |
|
|t Contributions of the Astronomical Observatory Skalnaté Pleso
|g Roč. 35, č. 2 (2005), s. [107]-129
|
| 850 |
|
|
|a Slovenská národná knižnica
|
| 852 |
|
|
|a Slovenská národná knižnica
|
| 958 |
|
|
|a article1
|
| 958 |
|
|
|a OND
|
| 958 |
|
|
|a EUIPO
|
| 999 |
|
|
|c 3078439
|d 3080369
|